| 000 | 01271nam a2200229Ia 4500 | ||
|---|---|---|---|
| 003 | Ost | ||
| 005 | 20260507074856.0 | ||
| 008 | 260507s9999||||xx |||||||||||||| ||und|| | ||
| 020 | _a9773790409 | ||
| 040 | _cfsecg | ||
| 041 | _aara | ||
| 082 | _a658.785 | ||
| 100 |
_aالصيرفي، محمد _eمؤلف |
||
| 245 | 0 |
_aالتخزين الإلكتروني / _c محمد الصيرفي |
|
| 260 |
_aالاسكندرية: _bشركة الجلال للطباعة, _c2006 |
||
| 300 |
_a576 صفحة؛ _bإيضاحات ؛ _c25 سم |
||
| 504 | _aبيبليوغرافيا: ص.568 | ||
| 520 | _aيضم مفهوم المخزون وأنواعه، تحليل المخزون، تكاليف المخزون، توصيف وتبويب وترميز المخزون، الوظيفة التخزينية، المهام الأساسية للوظيفة التخزينية، اجراءات التخزين، تخطيط المخزون، التنظيم في الوظيفة التخزينية، مراقبة المخزون، التخزين في الحكومة والقطاع العام، النظام الياباني في التخزين، استخدام الحاسب الآلي في مجال التخزين | ||
| 653 | _aالتخزين | ||
| 653 | _aالمراقبة | ||
| 942 | _cكتاب | ||
| 999 |
_c41611 _d41611 |
||